00478nam a2200133 a 4500008004100000050001900041100002000060245008700080246005600167260005400223300002200277650002400299700002100323060316s1986 ||||||||||||||||| || u aTK 7868.D5 Pel aPelloso, Pierre10aPractical digital electronicsctranslated from original French by John C.C. Nelson aPratique de l'âelectronique numâerique. English aChichester [W. Sussex]bJohn Wiley and Sonsc1986 aix, 219 p. : ill. 0aDIGITAL ELECTRONICS aNelson, John C.C